Pays du monde contenant un W - Statistiques

Statistiques générales
  • Ce quiz a été pris 626 fois
  • Le résultat moyen est 4 sur 7
Statistiques - réponses
Pays % Correct
Zimbabwe
72%
Eswatini
69%
Malawi
68%
Botswana
67%
Rwanda
63%
Koweit
48%
Taiwan
44%
Aucun quiz correspondant
Distribution des résultats
% des personnes avec chaque résultat
Percentile par nombre de réponses
Votre historique - résultats
Vous n’avez pas pris ce quiz